Geography Quiz

Random Geography or City Quiz
Score 0/125 Timer 15:00
1 Play Today
inhabitants city % Correct
1200London
98.9%
1600London
98.9%
1700London
98.9%
1800London
98.9%
1900London
98.9%
1200Paris
98.3%
1300Paris
98.3%
1400Paris
98.2%
1500Paris
98.2%
1600Paris
98.2%
1700Paris
98.2%
1800Paris
98.2%
1900Paris
98.2%
800Rome
97.1%
900Rome
97.1%
1000Rome
97.1%
1700Rome
97.1%
1600Rome
97.1%
1800Berlin
95.1%
1900Berlin
95.1%
1500Moscow
90.2%
1700Moscow
90.2%
1800Moscow
90.2%
1900Moscow
90.2%
800Constantinople
83.8%
900Constantinople
83.8%
1000Constantinople
83.8%
1100Constantinople
83.8%
1200Constantinople
83.8%
1300Constantinople
83.8%
1400Constantinople
83.8%
1500Constantinople
83.8%
1600Constantinople
83.8%
1700Constantinople
83.8%
1800Constantinople
83.8%
1700Amsterdam
78.7%
1800Amsterdam
78.6%
1800Vienna
78.5%
1900Vienna
78.5%
1100Milan
75.4%
1200Milan
75.4%
1300Milan
75.4%
inhabitants city % Correct
1400Milan
75.4%
1500Milan
75.4%
1600Milan
75.4%
1800Saint Petersburg
74.9%
1900Saint Petersburg
74.9%
1700Lisbon
73.6%
1800Lisbon
73.6%
900Venice
73.4%
1000Venice
73.4%
1100Venice
73.4%
1200Venice
73.4%
1300Venice
73.4%
1400Venice
73.4%
1500Venice
73.4%
1600Venice
73.3%
1700Venice
73.3%
1900Manchester
67.1%
800Naples
65.8%
1500Naples
65.8%
1600Naples
65.8%
1700Naples
65.8%
1800Naples
65.8%
1400Prague
65.2%
1500Prague
65.2%
1600Prague
65.2%
1300Florence
63.4%
1500Florence
63.4%
1000Kyiv
62.4%
1100Kyiv
62.4%
1900Birmingham
55.9%
1900Glasgow
53.1%
1900Liverpool
50.6%
800Seville
39.6%
900Seville
39.6%
1000Seville
39.6%
1100Seville
39.6%
1200Seville
39.6%
1300Seville
39.6%
1600Seville
39.6%
1200Cologne
37.7%
1300Cologne
37.7%
1300Genoa
36.7%
inhabitants city % Correct
1400Genoa
36.7%
900Palermo
33.6%
1000Palermo
33.6%
1100Palermo
33.6%
1200Palermo
33.6%
1700Palermo
33.6%
800Córdoba
22.3%
900Córdoba
22.3%
1000Córdoba
22.3%
1100Córdoba
22.3%
1200Córdoba
22.3%
800Thessaloniki
21.4%
900Thessaloniki
21.4%
1000Thessaloniki
21.4%
1100Thessaloniki
21.4%
1100Granada
20.1%
1200Granada
20.1%
1300Granada
20.1%
1400Granada
20.1%
1500Granada
20.1%
800Verona
18%
1400Ghent
14.4%
1500Ghent
14.4%
1200Rouen
11.1%
1400Rouen
11.1%
1500Edirne
7.4%
1600Edirne
7.4%
1200León
6.3%
1100Salerno
5.4%
1000Amalfi
3.7%
1000Almería
3.2%
1300Sarai
2.9%
800Mérida
2.6%
900Mérida
2.6%
800Atil
2.3%
900Atil
2.3%
1000Ohrid
2.2%
800Pliska
2%
900Preslav
2%
900Barbastro
1.9%
1400Feodosiya
1.7%
Remove Ads.
Support Sporcle.
Get the best of Sporcle when you Go Orange. This ad-free experience offers more features, more stats, and more fun while also helping to support Sporcle. Thank you for becoming a member.

You're not logged in!

Compare scores with friends on all Sporcle quizzes.
OR
Log In

Show Comments

Extras

Top Quizzes Today


Score Distribution

Your Account Isn't Verified!

In order to create a playlist on Sporcle, you need to verify the email address you used during registration. Go to your Sporcle Settings to finish the process.

Report this User

Report this user for behavior that violates our Community Guidelines.

Details: